Catálogo

DESARROLLO DE HABILIDADES DEL PENSAMIENTO : (Registro nro. 16025)

Detalles MARC
000 -LEADER
fixed length control field 00469nam a2200169 a 4500
001 - CONTROL NUMBER
control field 16025
005 - DATE AND TIME OF LATEST TRANSACTION
control field 20180713204836.0
008 - FIXED-LENGTH DATA ELEMENTS--GENERAL INFORMATION
fixed length control field 140415s1991 000 0 spa d
020 ## - INTERNATIONAL STANDARD BOOK NUMBER
International Standard Book Number 9682444411
041 ## - LANGUAGE CODE
Language code of text/sound track or separate title spa
082 ## - DEWEY DECIMAL CLASSIFICATION NUMBER
Classification number 153
Item number SAN
100 1# - MAIN ENTRY--PERSONAL NAME
Personal name SANCHEZ, MARGARITA A. DE
245 10 - TITLE STATEMENT
Title DESARROLLO DE HABILIDADES DEL PENSAMIENTO :
Remainder of title CREATIVIDAD
260 ## - PUBLICATION, DISTRIBUTION, ETC.
Place of publication, distribution, etc. [s.l.] :
Name of publisher, distributor, etc. TRILLAS,
Date of publication, distribution, etc. 1991
300 ## - PHYSICAL DESCRIPTION
Extent 200
650 14 - SUBJECT ADDED ENTRY--TOPICAL TERM
Topical term or geographic name entry element COGNICION
General subdivision HABILIDAD CREADORA
Existencias
Withdrawn status Lost status Source of classification or shelving scheme Damaged status Not for loan Collection code Home library Current library Shelving location Date acquired Source of acquisition Inventory number Total Checkouts Full call number Barcode Date last seen Date last checked out Price effective from Koha item type
    Dewey Decimal Classification     General Biblioteca Karol Wojtyla Biblioteca Karol Wojtyla Sala general 03/12/2013 Compra 151000000000000000061592 1 153 SAN 54207 05/01/2026 04/03/2019 03/12/2013 Libro
    Dewey Decimal Classification     General Biblioteca Karol Wojtyla Biblioteca Karol Wojtyla Sala general 03/12/2013 Compra 151000000000000000061589 1 153 SAN 33722 05/01/2026 06/03/2019 03/12/2013 Libro